000 01360cad a22002655a 4500
001 L157771
008 130510s2013 xxk f 000 0 eng d
035 _a(Sirsi) u157771
041 0 _aeng
110 2 _aUnited Kingdom
_kLaws, etc.
_95044
245 0 0 _aEnterprise and Regulatory Reform Act 2013
_h[electronic resource]
260 _aLondon
_bHMSO
_c2013
520 _aReceived Royal Assent on 25 April 2013. Makes provision for the setting up of the UK Green Investment Bank. and the Competition and Market Authority which will replace the Competition Commission and the Office of Fair Trading (OFT). Amends the Competition Act 1998 and the Enterprise Act 2002. Introduces redress schemes for letting agencies and property management companies, deals with the security of customer data and makes for the protection of essential supplies in cases of insolvency.
590 _aKA
650 2 4 _aENTERPRISE AND REGULATORY REFORM ACT 2013
650 2 4 _aCOMPETITION ACT 1998
650 2 4 _aENTERPRISE ACT 2002
651 4 _aUnited Kingdom
_y
690 _aSustainability
_96271
690 _aBusiness and management
690 _aProperty management
_96262
690 _aLeasing/Letting
_96253
856 4 0 _uhttps://www.legislation.gov.uk/ukpga/2013/24/pdfs/ukpga_20130024_en.pdf
_zView the item free of charge at www.legislation.gov.uk
942 _n0
999 _c114959
_d114959